Cambio y diversidad en el mundo contemporáneo: textos para la enseñanza de las Ciencias Sociales
Guardat en:
| Autor principal: | |
|---|---|
| Altres autors: | |
| Format: | Llibre |
| Idioma: | espanyol |
| Publicat: |
Barcelona
Graó
1993
|
| Col·lecció: | Materiales para la Innovación Educativa.
7 |
| Matèries: | |
| Etiquetes: |
Afegir etiqueta
Sense etiquetes, Sigues el primer a etiquetar aquest registre!
|
MARC
| LEADER | 00000cam a2200000 a 4500 | ||
|---|---|---|---|
| 001 | UCT5873 | ||
| 003 | CL-VaPUC | ||
| 005 | 20240705122938.0 | ||
| 008 | 961223e19930000SP |||||||||||||||||spa|d | ||
| 999 | |c 254662 |d 254660 | ||
| 020 | |a 8478270833 | ||
| 040 | |c Pontificia Universidad Católica de Valparaíso | ||
| 082 | 0 | 4 | |a 372.83 BIO 1993 |2 21 |
| 100 | 0 | |a Biosca, Genoveva |9 375475 | |
| 245 | 1 | 0 | |a Cambio y diversidad en el mundo contemporáneo: textos para la enseñanza de las Ciencias Sociales |
| 260 | |a Barcelona |b Graó |c 1993 | ||
| 300 | |a 312 páginas | ||
| 490 | 0 | |a Materiales para la Innovación Educativa. |v 7 | |
| 583 | |a last modification |c 20140529 11:47:10 |k Rodrigo Vera | ||
| 650 | 0 | |a Ciencias sociales |9 256351 | |
| 650 | 0 | |a Enseñanza de las ciencias |9 331919 | |
| 650 | 0 | |a CAMBIOS CULTURALES |2 CL-VaPUC |9 378775 | |
| 650 | 0 | |a Diversidad |9 375247 | |
| 650 | 0 | |a Medio ambiente |9 257625 | |
| 650 | 0 | |a Historia |9 255047 | |
| 650 | 0 | |a Trabajo |9 313876 | |
| 650 | 0 | |a Sociedad |9 307903 | |
| 650 | 0 | |a CULTURA CONTEMPORANEA |2 CL-VaPUC |9 344534 | |
| 650 | 0 | |a Tecnología |9 256742 | |
| 650 | 0 | |a Ideología |9 255854 | |
| 700 | 0 | |a Clavijo, Carmen |9 375476 | |
| 942 | |c BK |2 ddc | ||
| 945 | |d 19961223 00:00:00 |a nastorga | ||
| 952 | |0 0 |1 0 |2 ddc |4 0 |6 372_830000000000000_BIO_1993 |7 0 |8 P |9 276499 |a BIBEDU |b BIBEDU |c BIBEDU_PB |d 2019-11-19 |i 3494020 |o 372.83 BIO 1993 |p 3494020 |r 2024-01-25 |t 2 |w 2019-11-19 |y BK |k BME | ||
| 952 | |0 0 |1 0 |2 ddc |4 0 |6 372_830000000000000_BIO_1993 |7 0 |8 A |9 276500 |a BIBHIS |b BIBHIS |d 2019-11-19 |i 1360140 |o 372.83 BIO 1993 |p 1360140 |r 2025-01-20 |t 4 |w 2019-11-19 |y BK |k HIS | ||
| 952 | |0 0 |1 0 |2 ddc |3 erb |4 0 |6 372_830000000000000_BIO_1993 |7 0 |8 A |9 276502 |a BIBING |b BIBING |i 5069580 |o 372.83 BIO 1993 |p 5069580 |r 2025-01-20 |t 3 |w 2019-11-19 |y BK |z Catalogado en:20140529 |k GEO | ||